000 00566aas a2200169 4500
999 _c50485
_d50485
001 768714001
003 CO-MdFUSB
005 20170923095839.0
008 170911s1993 cr ||||| |||| 00| 0 spa d
040 _aCO-MdFUSB
_bspa
_cCO-MdFUSB
_dCO-MdFUSB
041 _aspa
100 1 _aSimpson, Charles
_eautor
245 1 0 _aMás profundo que las palabras
_c/ Simpson, Charles
300 _aVolumen 2. Número 18 (1993), páginas 274-276
_c: 28 cm.
773 0 _tConquista Cristiana
_049446
_960321
_gVolumen 2. Número 18 (1993), páginas 274-276
_qPágina 274.
942 _cANA